Statistics for Fast Typing - Countries of Asia

Click here to take the quiz!

General Stats

  • This quiz has been taken 287 times
    (283 since last reset)
  • The average score is 36 of 48

Answer Stats

Answer% Correct
China
95%
India
90%
Afghanistan
86%
Pakistan
86%
Japan
84%
North Korea
84%
Indonesia
83%
South Korea
82%
Malaysia
81%
Iran
80%
Mongolia
80%
Nepal
80%
Iraq
79%
Vietnam
79%
Bangladesh
78%
Bhutan
78%
Cambodia
78%
Laos
77%
Armenia
76%
Oman
76%
Saudi Arabia
76%
Singapore
76%
Uzbekistan
76%
Thailand
74%
Yemen
74%
Azerbaijan
73%
Jordan
73%
Turkey
73%
Burma
72%
Sri Lanka
72%
Taiwan
72%
Turkmenistan
72%
Israel
71%
Qatar
71%
Bahrain
70%
Brunei
70%
Syria
70%
Lebanon
69%
Kazakhstan
68%
Kuwait
68%
Georgia
67%
Philippines
66%
East Timor
65%
Tajikistan
65%
Maldives
60%
Kyrgyzstan
57%
United Arab Emirates
53%
Cyprus
52%

Score Distribution

Percentile by Number Answered

Percent of People with Each Score

Your Score History

You have not taken this quiz since the last reset